000 00341nam a2200133Ia 4500
008 231129s1978||||xx |||||||||||||| ||spa||
040 _bspa
082 _a986.1061 A175c
100 _aAcevedo Diaz Mario
245 0 _aLa Culebra Pico de Oro (Historia de un conflicto social)
260 _c1978
264 _aColcultura
942 _2ddc
_cBKS
999 _c16796
_d16796